000 00511nam a2200169Ia 4500
008 240729s9999 xx 000 0 und d
022 _a2324-481X
245 0 _aChronic Wound Care Management and Research
260 _aUnited Kingdom
260 _bDove Medical Press
650 _a Internal medicine
650 _a Medical emergencies. Critical care. Intensive care. First aid
650 _aMedicine
856 _uhttps://doaj.org/toc/5669b49bc1e444e681a6148fdb1f38da
942 _2ddc
942 _cDOAJEJ
999 _c73593
_d73593
945 _a1
_bMadushi Gamage
_c1
_dMadushi Gamage